00609cam a22001931 4500001001300000003000400013005001700017008004100034010001700075035002000092040003800112042001200150050002000162100002100182245011700203260005300320300002700373999001500400af 47002301 DLC20260227110813.0870709s1944 ne a 000 0 dut c aaf 47002301  a(OCoLC)16156070 aMichigan. Univ. LibrarycCLUdDLC apremarc00aPT5844.H578bD81 aHoof, Henri van.10aDuivels met dubbele tongen;bde nederlandsche tragedie van 1921-1941,cin romanvorm verteld door Henri van Hoof. aAmsterdam,bVolksche uitgeverij Westland,c1944. a231 p.billus.c19 cm. c1653d1653